000 00654nam a2200241Ia 4500
003 OSt
005 20221007104701.0
006 a|||||r|||| 00| 0
007 ta
008 221006b |||||||| |||| 00| 0 eng d
024 _a16,545
037 _cTextual
040 _aLCO
_cLCO
_beng
041 _2eng
_aeng
082 _aZ2,5, K9
100 _aRamakrishna P.V
_9397886
245 0 _aTreatise on Anti-Corruption Laws in India
260 _aHyderabad
_bGolconda Publication Ltd. India
_c1969
300 _a774
650 _aANTI-CORRUTION LAW
_9706266
942 _hZ2,5, K9
_cTEXL
999 _c1186108
_d1186108